[Event "Al Ain op 4th"]
[Site "Al Ain"]
[Date "2015.12.27"]
[Round "6"]
[White "Ismael Namir, Mohammed Ismael"]
[Black "Guliyev, Gasan Alipasha"]
[Result "0-1"]
[WhiteElo "2254"]
[BlackElo "2019"]
[PlyCount "90"]
[EventDate "2015.12.23"]
[EventType "swiss"]
[EventRounds "9"]
[EventCountry "UAE"]
[SourceTitle "CBM 170 Extra"]
[Source "ChessBase"]
[SourceDate "2016.02.25"]
[SourceVersion "1"]
[SourceVersionDate "2016.02.25"]
[SourceQuality "1"]

1. Nf3 Nf6 2. g3 d5 3. Bg2 c5 4. 0-0 Nc6 5. c4 d4 6. d3 g6 7. e3 Bg7 8. exd4 cxd4 9. a3 a5 10. Nbd2 Bf5 11. Qc2 0-0 12. Re1 Qc7 13. Rb1 e5 14. b4 axb4 15. axb4 Nd7 16. c5 Rac8 17. Nc4 b6 18. Ba3 Na7 19. b5 Nxc5 20. Nfxe5 f6 21. Bxc5 Qxc5 22. Qa2 Kh8 23. Qxa7 fxe5 24. Qxb6 Bxd3 25. Qxc5 Rxc5 26. Nd6 Bxb1 27. Rxb1 d3 28. Rd1 e4 29. Nxe4 Rxb5 30. Rxd3 Rb1+ 31. Bf1 Bf6 32. Kg2 Bd8 33. Be2 Rb2 34. Bf3 Bb6 35. h4 Kg7 36. Rd7+ Rf7 37. Rd6 Ra7 38. g4 Bxf2 39. Nxf2 Raa2 40. Rd7+ Kf8 41. Kg3 Rxf2 42. Rd1 Rfd2 43. Rb1 Ra3 44. Rb4 Raa2 45. Rb8+ Kg7 0-1

[Event "Al Ain op 4th"]
[Site "Al Ain"]
[Date "2015.12.26"]
[Round "4"]
[White "Ismael Namir, Mohammed Ismael"]
[Black "Hayrapetyan, Hovik"]
[Result "0-1"]
[WhiteElo "2254"]
[BlackElo "2489"]
[PlyCount "58"]
[EventDate "2015.12.23"]
[EventType "swiss"]
[EventRounds "9"]
[EventCountry "UAE"]
[SourceTitle "CBM 170 Extra"]
[Source "ChessBase"]
[SourceDate "2016.02.25"]
[SourceVersion "1"]
[SourceVersionDate "2016.02.25"]
[SourceQuality "1"]

1. d4 Nf6 2. Nf3 d5 3. e3 Bg4 4. c4 dxc4 5. Bxc4 e6 6. Qb3 Bxf3 7. gxf3 Qc8 8. Nc3 a6 9. a4 Nc6 10. Qd1 Be7 11. Bd2 0-0 12. Qe2 e5 13. d5 Nb4 14. 0-0 Rd8 15. Rac1 Qh3 16. e4 c6 17. f4 b5 18. fxe5 Ng4 19. f3 Nxe5 20. Na2 cxd5 21. Bxb4 dxc4 22. Bxe7 Rd3 23. Rc3 Re8 24. Bc5 Re6 25. Kh1 Rg6 26. Rxd3 cxd3 27. Qf2 d2 28. Rd1 Nxf3 29. Nc3 Nxh2 0-1